[Hansmann, Arvid: Transformationen im Stettiner Kichenbau]
| Titel: | [Hansmann, Arvid: Transformationen im Stettiner Kichenbau] / Jana Olschewski |
|---|---|
| Verfasser: | |
| In: |
Baltische Studien, Band 102 (2016), Seite 250-252 alle Artikel anzeigen |
| Veröffentlicht: | 2016 |
| Format: | Aufsatz |
| Sprache: | Deutsch |
X
alg: 42867013 001A $03025:23-04-18 001B $01999:27-07-21 $t17:20:26.000 001C $03025:23-04-18 $t09:14:58.000 001D $03025:23-04-18 001U $0utf8 001X $00 002@ $0Aou 002C $aText $btxt $2rdacontent 002D $aohne Hilfsmittel zu benutzen $bn $2rdamedia 002E $aBand $bnc $2rdacarrier 003@ $042867013X 007A $042867013X $aHEB 010@ $ager 010E $erda 011@ $a2016 013D $#Newspapers Sections, columns, etc. Reviews $#Book reviewing $#Journaux Cahiers, chroniques, etc. Comptes rendus $#Livres Recension $#Rezension $#Buchbesprechung $#Buchrezension $#Buchkritik $74049712-4 $8Rezension [Ts1] $9085138568 021A $a[Hansmann, Arvid: Transformationen im Stettiner Kichenbau] $hJana Olschewski 028A $BVerfasser $#Arendt, Jana $4aut $7130384178 $8Olschewski, Jana$Z1968- [Tp3] $9160566851 031A $d102 $h250-252 $j2016 039B $aEnthalten in $8--Abvc--. Baltische Studien. - Kiel : Ludwig, 1832-. - ISSN 0067-3099 $x201600001020000750 $9047264489 039T $aRezension von $8--Aau--Hansmann, Arvid$Z1980- [Tp3]. Transformationen im Stettiner Kirchenbau. - Kiel : Verlag Ludwig, 2015. - 424 Seiten. - Illustrationen. - ISBN 978-3-86935-265-7 $9366692488 045F $a900.943816 $eDDC23BSB 045F/01 $a900 045F/03 $g43816 045T $aAVL $qDE-30 $2FID lok: 42867013 78 exp: 42867013 78 1 #EPN 201B/01 $023-04-18 $t09:14:58.000 201C/01 $023-04-18 201U/01 $0utf8 203@/01 $01021361771 208@/01 $a23-04-18 $be 209A/01 $a/ $f000 $x00 209A/01 $ab*p $x01 220C/01 $awma 244Z/01 $#Pommern $#Pommern $#Herzogtum Pommern $#Herzogthum Pommern $#Provinz Pommern $#Pomorze $74046744-2 $8--Tg1--Pommern $x06 $9085130354 247C/01 $82080>Marburg/Lahn, Herder-Institut, Forschungsbibliothek, Bibliographieportal $9336309341
| LEADER | 00000caa a2200000 c 4500 | ||
|---|---|---|---|
| 001 | 42867013X | ||
| 003 | DE-603 | ||
| 005 | 20210727172026.0 | ||
| 007 | tu | ||
| 008 | 180423s2016 xx |||| | u00||u|ger c | ||
| 035 | |a (DE-599)HEB42867013X | ||
| 040 | |a DE-603 |b ger |c DE-603 |d DE-603 |e rda | ||
| 041 | |a ger | ||
| 082 | 0 | 4 | |8 1\u |a 900.943816 |q DE-101 |2 23/BSB |
| 084 | |a AVL |q DE-30 |2 fid | ||
| 085 | |8 1\u |b 900 | ||
| 085 | |8 1\u |z 2 |s 43816 | ||
| 100 | 1 | |a Olschewski, Jana |d 1968- |e Verfasser |4 aut |0 (DE-603)160566851 |0 (DE-588)130384178 |2 gnd | |
| 245 | 0 | 0 | |a [Hansmann, Arvid: Transformationen im Stettiner Kichenbau] |c Jana Olschewski |
| 264 | 0 | |c 2016 | |
| 336 | |a Text |b txt |2 rdacontent | ||
| 337 | |a ohne Hilfsmittel zu benutzen |b n |2 rdamedia | ||
| 338 | |a Band |b nc |2 rdacarrier | ||
| 655 | 7 | |a Rezension |2 gnd-content |0 (DE-588)4049712-4 |0 (DE-603)085138568 | |
| 773 | 0 | 8 | |i Enthalten in |t Baltische Studien |d Kiel : Ludwig, 1832- |h 24 cm |x 0067-3099 |g Band 102 (2016), Seite 250-252 |w (DE-603)047264489 |w (DE-600)202273-4 |
| 787 | 0 | 8 | |i Rezension von |a Hansmann, Arvid, 1980- |t Transformationen im Stettiner Kirchenbau |d Kiel : Verlag Ludwig, 2015 |h 424 Seiten, Illustrationen |z 3869352655 |z 9783869352657 |w (DE-603)366692488 |
| 924 | 0 | |9 2080 |a (DE-603)1021361771 |b DE-2080 |c HES |d d |g / | |


